000 00397nam a22001337a 4500
020 _a0821302426
082 _a338.90091724
_bAGA
_cD
245 _aPrice distortions and growth in developing countries
_cAgarwala, Ramgopal
260 _aWashington
_bThe world bank
_c1983
300 _a62 p. :
_bill, ;
_c24 cm.
526 _a0
_b0
_c0
_d338_900917240000000_AGA
650 _aMCE
_9379
942 _2ddc
_cBK
999 _c542203
_d542203